|
|
|
|
| LEADER |
01075nam a22003137a 4500 |
| 001 |
30829 |
| 003 |
BD-DhAAL |
| 005 |
20160208123449.0 |
| 008 |
160208s20082003enk||||| b||| 001 0 eng d |
| 020 |
|
|
|a 0335206913
|
| 020 |
|
|
|a 0335206921
|
| 020 |
|
|
|a 9780335206919
|
| 020 |
|
|
|a 9780335206926
|
| 040 |
|
|
|a BD-DhAAL
|c BD-DhAAL
|
| 082 |
|
|
|2 22
|a 302.23
|
| 100 |
|
|
|a Ross, Karen
|9 17861
|
| 245 |
|
|
|a Media and audiences :
|b new perspectives /
|c Karen Ross and Virginia Nightingale
|
| 264 |
|
|
|a Berkshire :
|b Open University Press,
|c 2003
|
| 300 |
|
|
|a x, 194 p. :
|b 23 cm.
|
| 490 |
|
|
|a Includes bibliographical references and index
|
| 504 |
|
|
|a Includes bibliographical references and index
|
| 526 |
|
|
|a Jaatri
|
| 541 |
|
|
|e 30829
|
| 650 |
|
|
|a Mass media
|x Audiences
|9 17862
|
| 700 |
|
|
|a Nightingale, Virginia
|9 17863
|
| 852 |
|
|
|a Ayesha Abed Library
|c General Stacks
|
| 942 |
|
|
|2 ddc
|c BK
|
| 999 |
|
|
|c 36805
|d 36805
|
| 952 |
|
|
|0 0
|1 0
|2 ddc
|4 0
|6 302_230000000000000_ROS
|7 0
|9 57927
|a BRACUL
|b BRACUL
|c GEN
|d 2016-02-08
|e Jaatri
|l 0
|o 302.23 ROS
|p 3010030829
|r 2016-02-08
|t 1
|w 2016-02-08
|y BK
|